00514nam a2200157 i 450000100060000000300090000600500170001500700030003200800410003524500490007626000600012530000300018550000590021571000500027485200320032461054ES-MaACL20230906164345.0t|031110s1967 sp ||||1| spa d00aEstadísticas de Obras Sindicales b: 1966. aMadrid : bEdiciones y Publicaciones Populares, c1967. a247 p. : bil. ; c24 cm. aPrecede al tít.: Servicio Sindical de Estadística.2 aServicio Sindical de Estadística (España) aES-MaACLjC-33128 bR.64017